Famous Friends Guest Stars Quiz Stats

 Plays Quiz Updated Aug 12, 2016

Challenge
Share
Tweet
Embed
Score 0/20 Timer 05:00
5 Plays Today
% Correct
Cole Sprouse
77%
Christina Applegate
76.8%
Reese Witherspoon
76%
Bruce Willis
73.4%
Brad Pitt
70.5%
Jon Favreau
67.4%
Kathleen Turner
64.7%
Elle Macpherson
63.4%
Susan Sarandon
62.7%
Denise Richards
60.6%
% Correct
Winona Ryder
55.5%
Julia Roberts
53%
Dermot Mulroney
52.3%
Greg Kinnear
49.6%
Jeff Goldblum
49.5%
Gary Oldman
47.8%
Brooke Shields
47.4%
Jennifer Coolidge
44.6%
Michael McKean
40.9%
Ellen Pompeo
36.7%

You're not logged in!

Compare scores with friends on all Sporcle quizzes.
OR
Log In

You Might Also Like...

Show Comments

Extras

Top Quizzes Today


Score Distribution

Your Account Isn't Verified!

In order to create a playlist on Sporcle, you need to verify the email address you used during registration. Go to your Sporcle Settings to finish the process.

Report this User

Report this user for behavior that violates our Community Guidelines.

Details: